Analysis of Genetically Determined Predisposition for the Onset and Development of Diseases Based on Functional Pathways

Salvato in:
Dettagli Bibliografici
Autore principale: Kubička, Oliver (Autore)
Altri autori: Gazdarica, Juraj (Relatore della tesi)
Natura: Manoscritto Libro
Lingua:slovacco
inglese
Pubblicazione: 2024
Soggetti:
Accesso online:http://is.stuba.sk/zp/portal_zp.pl?podrobnosti=177106
Tags: Aggiungi Tag
Nessun Tag, puoi essere il primo ad aggiungerne!!

MARC

LEADER 00000ntm a22000003a 4500
001 stuzp100132
003 SK-STU
005 20240608213429.9
007 ta
008 150427s2015----xo-----f-mn---000-0-slo-d
040 |a STU  |b slo 
041 0 |a eng 
100 1 |a Kubička, Oliver  |u 070200  |4 aut  |U FIIT Fakulta informatiky a informačných technológií  |T FIIT Ústav informatiky, informačných systémov a softvérového inžinierstva  |X 96932  |U I200  |Y 179  |7 96932 
242 0 1 |a Analýza geneticky podmienenej predispozície pre vznik a rozvoj ochorení na báze funkčných dráh  |y slo 
245 1 0 |a Analysis of Genetically Determined Predisposition for the Onset and Development of Diseases Based on Functional Pathways 
260 |c 2024 
650 4 |a Reatome  |2 slo 
650 4 |a asociačné varianty  |2 slo 
650 4 |a funkčné dráhy  |2 slo 
650 4 |a GWAS  |2 slo 
650 4 |a Reactome  |2 eng 
650 4 |a functional pathway  |2 eng 
650 4 |a association variants  |2 eng 
650 4 |a GWAS  |2 eng 
700 1 |a Gazdarica, Juraj  |4 ths  |X 118539  |7 118539 
856 4 |u http://is.stuba.sk/zp/portal_zp.pl?podrobnosti=177106